| 000 | 00714cam a2200241 a 4500 | ||
|---|---|---|---|
| 001 | 3489179 | ||
| 005 | 20180206042314.0 | ||
| 008 | 941109s1995 couab 000 0 eng | ||
| 010 | _a 94044056 | ||
| 020 | _a0813324726 (alk. paper) | ||
| 020 | _a0813324734 (pbk. : alk. paper) | ||
| 040 |
_aDLC _cDLC _dDLC |
||
| 041 | _aeng | ||
| 043 | _aa-cc--- | ||
| 080 | _a951.050 | ||
| 082 | 0 | 0 |
_a951.050 TYS _220 |
| 100 | 1 | _a16 | |
| 101 | _aHIS | ||
| 245 | 1 | 0 |
_aChinese awakenings : _cJames & Ann Tyson. |
| 906 |
_a7 _bcbc _corignew _d1 _eocip _f19 _gy-gencatlg |
||
| 942 |
_2ddc _cBK |
||
| 999 |
_c41890 _d41890 |
||